000 00348nam a2200133Ia 4500
008 151001s9999||||xx |||||||||||||| ||und||
100 _aमेधा जोशी
245 _aअपरिहाय
250 _a1
260 _bअंजली प्रकाशन पुणे
260 _c1993
300 _a172
365 _b21
999 _c970466
_d970463